Sports Quiz

Random Sports or World Quiz

NJPW World Tag League 2018 Participants Quiz Stats

 Plays Quiz not verified by Sporcle

Score 0/28 Timer 05:00
1 Play Today
Participants % Correct
EVIL
92.3%
SANADA
91.1%
Tama Tonga
90.3%
Tanga Loa
89.1%
Minoru Suzuki
84.2%
Davey Boy Smith Jr.
82.2%
Lance Archer
81%
Zack Sabre Jr.
80.2%
Tomohiro Ishii
79.8%
Toru Yano
78.5%
Juice Robinson
74.5%
Taichi
72.1%
David Finlay
69.2%
Togi Makabe
67.6%
Participants % Correct
Yujiro Takahashi
67.6%
Yuji Nagata
66.8%
Hangman Page
66.8%
Satoshi Kojima
64.8%
Jeff Cobb
64%
Hiroyoshi Tenzan
63.6%
Beretta
63.2%
Michael Elgin
63.2%
Chuckie T.
61.5%
Takashi Iizuka
60.7%
Toa Henare
59.1%
Manabu Nakanishi
55.5%
Shota Umino
52.6%
Ayato Yoshida
32.4%

You're not logged in!

Compare scores with friends on all Sporcle quizzes.
OR
Log In

Show Comments

Extras

Top Quizzes Today


Score Distribution

Your Account Isn't Verified!

In order to create a playlist on Sporcle, you need to verify the email address you used during registration. Go to your Sporcle Settings to finish the process.

Report this User

Report this user for behavior that violates our Community Guidelines.

Details: